000 00267nam a22001097a 4500
082 _a823
_bSTI/B
100 _aSTIMSON, JOAN
245 _aBAD BEN AND THE MONSTER
260 _aUNITED STATES
_bLADY BIRD BOOKS
_c1990
650 _aENGLISH STORY
_zUNITED STATES
942 _cBK
999 _c7517
_d7517